[Event "Stay Safe Play From Home 394"]
[Site "Emanuel Lasker Arena"]
[Date "2020.08.19"]
[Round "4"]
[White "IceQueen"]
[Black "AChessPlayer"]
[Result "1-0"]
[WhiteElo "2342"]
[BlackElo "2376"]
[PlyCount "47"]
[EventDate "2020.08.19"]
[EventType "swiss (blitz)"]

1. e4 {[%emt 0:00:01]} c6 {[%emt 0:00:01]} 2. Nc3 {[%emt 0:00:00]} d5 {[%emt 0:00:00]} 3. d4 {[%emt 0:00:00]} dxe4 {[%emt 0:00:01]} 4. Nxe4 {[%emt 0:00:00]} Nf6 {[%emt 0:00:00]} 5. Nxf6+ {[%emt 0:00:00]} exf6 {[%emt 0:00:00]} 6. c3 {[%emt 0:00:00]} Bd6 {[%emt 0:00:00]} 7. Bd3 {[%emt 0:00:00]} O-O {[%emt 0:00:00]} 8. Ne2 {[%emt 0:00:00]} Re8 {[%emt 0:00:00]} 9. Qc2 {[%emt 0:00:00]} h5 {[%emt 0:00:01]} 10. O-O {[%emt 0:00:01]} Nd7 {[%emt 0:00:00]} 11. Bd2 {[%emt 0:00:01]} Nf8 {[%emt 0:00:01]} 12. Rae1 {[%emt 0:00:01]} Qc7 {[%emt 0:00:03]} 13. h3 {[%emt 0:00:00]} Bd7 {[%emt 0:00:01]} 14. c4 {[%emt 0:00:01]} c5 {[%emt 0:00:01]} 15. d5 {[%emt 0:00:01]} g6 {[%emt 0:00:02]} 16. Bc3 {[%emt 0:00:06]} Be5 {[%emt 0:00:03]} 17. f4 {[%emt 0:00:02]} Bxc3 {[%emt 0:00:02]} 18. Qxc3 {[%emt 0:00:00]} Qd6 {[%emt 0:00:01]} 19. f5 {[%emt 0:00:02]} g5 {[%emt 0:00:02]} 20. Bc2 {[%emt 0:00:02]} Re5 {[%emt 0:00:02]} 21. Ng3 {[%emt 0:00:01]} Rxe1 {[%emt 0:00:04]} 22. Rxe1 {[%emt 0:00:02]} h4 {[%emt 0:00:00]} 23. Ne4 {[%emt 0:00:01]} Qb6 {[%emt 0:00:06]} 24. Nxf6+ {[%emt 0:00:01] AChessPlayer resigns AChessPlayer resigns AChessPlayer resigns (Lag: Av=0.46s, max=0.6s) (Lag: Av=0.46s, max=0.6s) (Lag: Av=0.46s, max=0.6s)} 1-0

[Event "Stay Safe Play From Home 394"]
[Site "Emanuel Lasker Arena"]
[Date "2020.08.19"]
[Round "4"]
[White "Greblah"]
[Black "TheCHESSHOUSE"]
[Result "0-1"]
[WhiteElo "1890"]
[BlackElo "1996"]
[PlyCount "104"]
[EventDate "2020.08.19"]
[EventType "swiss (blitz)"]

1. e4 {[%emt 0:00:00]} c5 {[%emt 0:00:01]} 2. d4 {[%emt 0:00:01]} cxd4 {[%emt 0:00:01]} 3. Qxd4 {[%emt 0:00:00]} Nc6 {[%emt 0:00:01]} 4. Qd1 {[%emt 0:00:00]} d6 {[%emt 0:00:01]} 5. Nc3 {[%emt 0:00:00]} g6 {[%emt 0:00:00]} 6. Nf3 {[%emt 0:00:01]} Bg7 {[%emt 0:00:00]} 7. Bd3 {[%emt 0:00:01]} Bd7 {[%emt 0:00:00]} 8. Be3 {[%emt 0:00:01]} Nf6 {[%emt 0:00:00]} 9. O-O {[%emt 0:00:01]} O-O {[%emt 0:00:00]} 10. h3 {[%emt 0:00:01]} a6 {[%emt 0:00:00]} 11. Rb1 {[%emt 0:00:04]} b5 {[%emt 0:00:00]} 12. Nd5 {[%emt 0:00:01]} Rc8 {[%emt 0:00:00]} 13. Nxf6+ {[%emt 0:00:01]} Bxf6 {[%emt 0:00:01]} 14. c3 {[%emt 0:00:01]} Bg7 {[%emt 0:00:02]} 15. Nd4 {[%emt 0:00:01]} e6 {[%emt 0:00:01]} 16. Nxc6 {[%emt 0:00:01]} Bxc6 {[%emt 0:00:00]} 17. Qd2 {[%emt 0:00:00]} Qc7 {[%emt 0:00:01]} 18. Bh6 {[%emt 0:00:02]} Bb7 {[%emt 0:00:02]} 19. Bxg7 {[%emt 0:00:02]} Kxg7 {[%emt 0:00:00]} 20. f3 {[%emt 0:00:01]} f6 {[%emt 0:00:01]} 21. Be2 {[%emt 0:00:01]} Qb6+ {[%emt 0:00:01]} 22. Kh2 {[%emt 0:00:01]} d5 {[%emt 0:00:01]} 23. exd5 {[%emt 0:00:05]} Bxd5 {[%emt 0:00:00]} 24. a3 {[%emt 0:00:02]} Rfd8 {[%emt 0:00:02]} 25. Qf4 {[%emt 0:00:01]} e5 {[%emt 0:00:01]} 26. Qg3 {[%emt 0:00:01]} Qc7 {[%emt 0:00:03]} 27. Rbd1 {[%emt 0:00:02]} Bf7 {[%emt 0:00:02]} 28. Bd3 {[%emt 0:00:03]} Rd7 {[%emt 0:00:03]} 29. Bc2 {[%emt 0:00:02]} Rcd8 {[%emt 0:00:01]} 30. Rxd7 {[%emt 0:00:02]} Rxd7 {[%emt 0:00:00]} 31. Rd1 {[%emt 0:00:01]} Rxd1 {[%emt 0:00:01]} 32. Bxd1 {[%emt 0:00:01]} Qd7 {[%emt 0:00:01]} 33. Qe1 {[%emt 0:00:01]} Qd3 {[%emt 0:00:02]} 34. Qe2 {[%emt 0:00:02]} Qb1 {[%emt 0:00:01]} 35. Qc2 {[%emt 0:00:02]} Qa2 {[%emt 0:00:01]} 36. h4 {[%emt 0:00:02]} h5 {[%emt 0:00:02]} 37. Kg3 {[%emt 0:00:02]} Qd5 {[%emt 0:00:01]} 38. Qe4 {[%emt 0:00:02]} Qe6 {[%emt 0:00:01]} 39. Bc2 {[%emt 0:00:01]} f5 {[%emt 0:00:01]} 40. Qd3 {[%emt 0:00:01]} f4+ {[%emt 0:00:01]} 41. Kf2 {[%emt 0:00:01]} Qf6 {[%emt 0:00:01]} 42. Ke2 {[%emt 0:00:01]} Bc4 {[%emt 0:00:01]} 43. b3 {[%emt 0:00:02]} Bxd3+ {[%emt 0:00:01]} 44. Bxd3 {[%emt 0:00:00]} Qxh4 {[%emt 0:00:01]} 45. Be4 {[%emt 0:00:01]} Qg3 {[%emt 0:00:01]} 46. Kd3 {[%emt 0:00:00]} Qxg2 {[%emt 0:00:01]} 47. c4 {[%emt 0:00:00]} bxc4+ {[%emt 0:00:01]} 48. Kxc4 {[%emt 0:00:01]} Qb2 {[%emt 0:00:00]} 49. Kd5 {[%emt 0:00:00]} Qxa3 {[%emt 0:00:01]} 50. Kxe5 {[%emt 0:00:00]} Qxb3 {[%emt 0:00:00]} 51. Kxf4 {[%emt 0:00:00]} Qc4 {[%emt 0:00:01]} 52. Ke5 {[%emt 0:00:01]} a5 {[%emt 0:00:01] Zeit Zeit Zeit (Lag: Av=0.59s, max=1.2s) (Lag: Av=0.59s, max=1.2s) (Lag: Av=0.59s, max=1.2s)} 0-1

[Event "Stay Safe Play From Home 394"]
[Site "Emanuel Lasker Arena"]
[Date "2020.08.19"]
[Round "5"]
[White "Lamborghini"]
[Black "NTBT_DHS"]
[Result "0-1"]
[WhiteElo "2373"]
[BlackElo "2520"]
[Annotator "TA"]
[PlyCount "118"]
[EventDate "2020.08.19"]
[EventType "swiss (blitz)"]

{[%evp 12,117,50,37,39,19,67,64,64,50,56,33,52,56,47,-98,0,-65,-66,-61,-55,-72,-37,-44,0,-206,10,-141,47,6,63,0,0,0,41,0,0,0,0,0,38,56,25,29,87,32,17,18,30,23,136,0,0,0,8,10,377,131,233,207,180,-6,-6,-8,-8,-60,-9,-151,-149,-297,-269,-336,-264,-29979,-29980,-29979,-29978,-29976,-29977,-29980,-29981,-29982,-29983,-29983,-29984,-29985,-29986,-29986,-29986,-29986,-29987,-29989,-29990,-29994,-29991,-29994,-29995,-29995,-29996,-29996,-29997,-29997,-29998,-29998,-29998,-29998,-29999,-29999]} 1. e4 g6 2. d4 Bg7 3. Nc3 d6 4. Be3 Nd7 5. f3 a6 6. Qd2 b5 7. O-O-O Bb7 {B06: Modern Defence.} 8. h4 Ngf6 9. g4 h6 {White is slightly better.} 10. Nh3 Nb6 {[#]} 11. b3 $146 ({Predecessor:} 11. a3 h5 12. g5 Nfd7 13. Nf4 O-O 14. Kb1 c6 15. Qf2 a5 16. e5 b4 17. Ne4 {1-0 (32) Ochsner,B (2479)-Hillarp Persson,T (2539) chess24.com INT 2020}) 11... e6 12. Kb1 Nfd7 13. Be2 (13. Bg2 $14 {stays ahead.}) 13... Qe7 (13... b4 $17 14. Na4 Nxa4 15. bxa4 a5) 14. Nf2 (14. Bf1 $11) 14... b4 $15 15. Na4 Nxa4 16. bxa4 c5 17. dxc5 dxc5 {aiming for ...Nb6.} 18. f4 $2 (18. a5 $11) 18... Bc6 $2 (18... Nb6 $1 $19 19. Kc1 Nxa4) 19. e5 $2 (19. a5 $11) 19... Bxa4 $2 (19... Bxh1 $17 20. Rxh1 Nb6) 20. Bf3 Rd8 (20... Rb8 $11) 21. Qd6 ({White should play} 21. g5 $14) 21... Qxd6 $11 22. Rxd6 Bb5 (22... g5 $5) 23. Rhd1 {[%mdl 1024] White has compensation.} Bf8 24. R6d2 Be7 25. Ne4 $36 {[%mdl 2048] White fights for an advantage.} Rc8 26. Nd6+ Bxd6 $1 27. Rxd6 Ke7 (27... a5 $11 {keeps the balance.}) 28. Bb7 (28. h5 $1 $16) 28... Rc7 $1 $14 {[%cal Rc7b7]} 29. Bxa6 Bxa6 30. Rxa6 Rb8 {[#]} (30... Rhc8 $11 {remains equal.}) 31. Rad6 (31. f5 $1 $16) 31... Nb6 32. f5 gxf5 33. gxf5 {f6+ would kill now.} exf5 $2 {[%mdl 8192]} (33... Nd5 $1 $11 {and Black is okay.} 34. f6+ Kf8) 34. Bxh6 $2 (34. Rxh6 $18 {and the rest is easy. Black must now prevent Bg5+.} Nd7 35. Bg5+ Ke8 36. Rh8+ Nf8 37. h5) 34... Nc4 (34... Na4 $16) 35. Bg5+ Kf8 {[#]} 36. Bf6 $2 (36. Rh6 $1 $18 {[%cal Rh6h8]} Kg7 37. Rg1) 36... Nxd6 $11 37. exd6 {[%mdl 4096] Endgame KRR-KRB} Rd7 38. h5 (38. Rd5 $11) 38... Kg8 ({Better is} 38... Ra8 $15) 39. Rg1+ {White is on the road to losing.} (39. Be7 $11) 39... Kh7 $17 40. Rg7+ (40. Kb2 $17 {might work better.}) 40... Kh6 $19 41. Rg1 Rxd6 ({Resist} 41... Kxh5 42. Rg5+ Kh6 43. Rxf5 $19) 42. Kb2 $2 (42. Be5 $19 Rbb6 43. Rf1) 42... Rxf6 {Black mates.} 43. Kb3 Rbb6 44. Kc4 Rbc6 45. Rf1 f4 46. Rf3 Kxh5 47. Kb5 Kg4 48. Rf1 f3 49. Rg1+ Kf4 50. Rf1 Ke3 51. c4 bxc3 52. Rb1 Kd2 53. Rc1 Kxc1 54. Kc4 Kb2 55. a4 c2 56. Kb5 c1=Q 57. Ka5 Kb3 58. Kb5 Qc4+ 59. Ka5 Qxa4# {Accuracy: White = 30%, Black = 42%.} 0-1

[Event "Stay Safe Play From Home 394"]
[Site "Emanuel Lasker Arena"]
[Date "2020.08.19"]
[Round "5"]
[White "IceQueen"]
[Black "Tran Minh Thang"]
[Result "0-1"]
[WhiteElo "2361"]
[BlackElo "2500"]
[PlyCount "40"]
[EventDate "2020.08.19"]
[EventType "swiss (blitz)"]

1. e4 {[%emt 0:00:01]} c5 {[%emt 0:00:03]} 2. Nc3 {[%emt 0:00:00]} a6 {[%emt 0:00:01]} 3. Nf3 {[%emt 0:00:00]} b5 {[%emt 0:00:00]} 4. a4 {[%emt 0:00:00]} b4 {[%emt 0:00:01]} 5. Ne2 {[%emt 0:00:00]} Bb7 {[%emt 0:00:00]} 6. Ng3 {[%emt 0:00:00]} e6 {[%emt 0:00:01]} 7. b3 {[%emt 0:00:03]} Nf6 {[%emt 0:00:01]} 8. Bb2 {[%emt 0:00:00]} Nxe4 {[%emt 0:00:01]} 9. Nxe4 {[%emt 0:00:01]} Bxe4 {[%emt 0:00:00]} 10. d4 {[%emt 0:00:00]} cxd4 {[%emt 0:00:02]} 11. Qxd4 {[%emt 0:00:00]} d5 {[%emt 0:00:02]} 12. O-O-O {[%emt 0:00:01]} Nc6 {[%emt 0:00:00]} 13. Qe3 {[%emt 0:00:01]} Qc7 {[%emt 0:00:08]} 14. Ng5 {[%emt 0:00:01]} Bd6 {[%emt 0:00:06]} 15. Nxe4 {[%emt 0:00:01]} Bf4 {[%emt 0:00:01]} 16. Ng3 {[%emt 0:00:05]} Bxe3+ {[%emt 0:00:01]} 17. fxe3 {[%emt 0:00:00]} O-O {[%emt 0:00:00]} 18. Kb1 {[%emt 0:00:00]} Rfc8 {[%emt 0:00:01]} 19. h4 {[%emt 0:00:01]} Ne5 {[%emt 0:00:01]} 20. h5 {[%emt 0:00:01]} Qxc2+ {[%emt 0:00:01] IceQueen resigns IceQueen resigns IceQueen resigns (Lag: Av=0.75s, max=1.2s) (Lag: Av=0.75s, max=1.2s) (Lag: Av=0.75s, max=1.2s)} 0-1

[Event "Stay Safe Play From Home 394"]
[Site "Emanuel Lasker Arena"]
[Date "2020.08.19"]
[Round "5"]
[White "AChessPlayer"]
[Black "Mepe_Nika"]
[Result "0-1"]
[WhiteElo "2357"]
[BlackElo "2345"]
[PlyCount "76"]
[EventDate "2020.08.19"]
[EventType "swiss (blitz)"]

1. Nf3 {[%emt 0:00:01]} Nc6 {[%emt 0:00:01]} 2. d4 {[%emt 0:00:02]} d6 {[%emt 0:00:00]} 3. d5 {[%emt 0:00:01]} Ne5 {[%emt 0:00:01]} 4. Nc3 {[%emt 0:00:01]} Nxf3+ {[%emt 0:00:01]} 5. exf3 {[%emt 0:00:00]} e5 {[%emt 0:00:01]} 6. Bd3 {[%emt 0:00:01]} f5 {[%emt 0:00:01]} 7. O-O {[%emt 0:00:01]} Nf6 {[%emt 0:00:00]} 8. Re1 {[%emt 0:00:00]} Be7 {[%emt 0:00:02]} 9. a4 {[%emt 0:00:02]} O-O {[%emt 0:00:01]} 10. a5 {[%emt 0:00:01]} a6 {[%emt 0:00:01]} 11. f4 {[%emt 0:00:02]} e4 {[%emt 0:00:01]} 12. Bf1 {[%emt 0:00:00]} Bd7 {[%emt 0:00:01]} 13. Be3 {[%emt 0:00:01]} Kh8 {[%emt 0:00:01]} 14. g3 {[%emt 0:00:01]} Ng4 {[%emt 0:00:01]} 15. Bd4 {[%emt 0:00:01]} Bf6 {[%emt 0:00:01]} 16. h3 {[%emt 0:00:00]} Bxd4 {[%emt 0:00:01]} 17. Qxd4 {[%emt 0:00:00]} Qf6 {[%emt 0:00:02]} 18. Qc4 {[%emt 0:00:00]} Nh6 {[%emt 0:00:02]} 19. Qxc7 {[%emt 0:00:01]} Rad8 {[%emt 0:00:02]} 20. Qxb7 {[%emt 0:00:01]} g5 {[%emt 0:00:01]} 21. Ne2 {[%emt 0:00:03]} Rg8 {[%emt 0:00:02]} 22. Qb6 {[%emt 0:00:03]} Rb8 {[%emt 0:00:03]} 23. Qe3 {[%emt 0:00:02]} Rxb2 {[%emt 0:00:02]} 24. Rec1 {[%emt 0:00:04]} Nf7 {[%emt 0:00:05]} 25. c4 {[%emt 0:00:06]} gxf4 {[%emt 0:00:03]} 26. Nxf4 {[%emt 0:00:01]} Ne5 {[%emt 0:00:01]} 27. c5 {[%emt 0:00:03]} Nf3+ {[%emt 0:00:02]} 28. Kh1 {[%emt 0:00:01]} dxc5 {[%emt 0:00:02]} 29. Rab1 {[%emt 0:00:07]} Rxb1 {[%emt 0:00:01]} 30. Rxb1 {[%emt 0:00:00]} Nd4 {[%emt 0:00:01]} 31. Rd1 {[%emt 0:00:01]} Bb5 {[%emt 0:00:01]} 32. Bxb5 {[%emt 0:00:01]} axb5 {[%emt 0:00:00]} 33. Rc1 {[%emt 0:00:00]} c4 {[%emt 0:00:01]} 34. a6 {[%emt 0:00:00]} Nb3 {[%emt 0:00:02]} 35. a7 {[%emt 0:00:00]} Nxc1 {[%emt 0:00:02]} 36. Nh5 {[%emt 0:00:01]} Qa1 {[%emt 0:00:02]} 37. Kg1 {[%emt 0:00:02]} Ne2+ {[%emt 0:00:01]} 38. Kg2 {[%emt 0:00:00]} Qg1# {[%emt 0:00:01] (Lag: Av=0.50s, max=1.1s) (Lag: Av=0.50s, max=1.1s) (Lag: Av=0.50s, max=1.1s)} 0-1

[Event "Stay Safe Play From Home 394"]
[Site "Emanuel Lasker Arena"]
[Date "2020.08.19"]
[Round "5"]
[White "MihailoVujic"]
[Black "Fat Kevin"]
[Result "0-1"]
[WhiteElo "2118"]
[BlackElo "1996"]
[PlyCount "72"]
[EventDate "2020.08.19"]
[EventType "swiss (blitz)"]

1. e4 {[%emt 0:00:01]} c5 {[%emt 0:00:00]} 2. d4 {[%emt 0:00:01]} Nf6 {[%emt 0:00:00]} 3. e5 {[%emt 0:00:02]} Nd5 {[%emt 0:00:00]} 4. c4 {[%emt 0:00:02]} Nc7 {[%emt 0:00:01]} 5. dxc5 {[%emt 0:00:01]} e6 {[%emt 0:00:01]} 6. Nf3 {[%emt 0:00:01]} Bxc5 {[%emt 0:00:01]} 7. Bd3 {[%emt 0:00:00]} O-O {[%emt 0:00:00]} 8. Bxh7+ {[%emt 0:00:01]} Kxh7 {[%emt 0:00:01]} 9. Ng5+ {[%emt 0:00:00]} Kg6 {[%emt 0:00:01]} 10. Qd3+ {[%emt 0:00:01]} f5 {[%emt 0:00:02]} 11. exf6+ {[%emt 0:00:01]} Kxf6 {[%emt 0:00:01]} 12. Ne4+ {[%emt 0:00:02]} Ke7 {[%emt 0:00:02]} 13. Bg5+ {[%emt 0:00:02]} Rf6 {[%emt 0:00:01]} 14. Nxc5 {[%emt 0:00:14]} Nc6 {[%emt 0:00:01]} 15. Ne4 {[%emt 0:00:04]} Ne5 {[%emt 0:00:02]} 16. Qg3 {[%emt 0:00:05]} Nf7 {[%emt 0:00:01]} 17. Nxf6 {[%emt 0:00:02]} gxf6 {[%emt 0:00:00]} 18. Bf4 {[%emt 0:00:01]} Ne8 {[%emt 0:00:02]} 19. Nc3 {[%emt 0:00:01]} Qa5 {[%emt 0:00:01]} 20. O-O-O {[%emt 0:00:01]} Qc5 {[%emt 0:00:03]} 21. Rhe1 {[%emt 0:00:01]} Qxc4 {[%emt 0:00:01]} 22. Re4 {[%emt 0:00:02]} Qc6 {[%emt 0:00:02]} 23. Qg8 {[%emt 0:00:02]} b5 {[%emt 0:00:01]} 24. Kb1 {[%emt 0:00:02]} Bb7 {[%emt 0:00:03]} 25. Nd5+ {[%emt 0:00:00]} Qxd5 {[%emt 0:00:03]} 26. Rxd5 {[%emt 0:00:01]} Bxd5 {[%emt 0:00:00]} 27. Re3 {[%emt 0:00:01]} Rc8 {[%emt 0:00:02]} 28. Qh7 {[%emt 0:00:02]} e5 {[%emt 0:00:02]} 29. a3 {[%emt 0:00:02]} Be6 {[%emt 0:00:01]} 30. Bh6 {[%emt 0:00:01]} Ned6 {[%emt 0:00:01]} 31. Qg7 {[%emt 0:00:01]} Bf5+ {[%emt 0:00:00]} 32. Ka1 {[%emt 0:00:01]} Nc4 {[%emt 0:00:00]} 33. Re2 {[%emt 0:00:01]} Be6 {[%emt 0:00:01]} 34. Bg5 {[%emt 0:00:01]} Nd2 {[%emt 0:00:03]} 35. Qxf6+ {[%emt 0:00:00]} Kd6 {[%emt 0:00:00]} 36. Rxd2+ {[%emt 0:00:00]} Kc6 {[%emt 0:00:01] Time Time Time (Lag: Av=0.55s, max=1.1s) (Lag: Av=0.55s, max=1.1s) (Lag: Av=0.55s, max=1.1s)} 0-1

[Event "Stay Safe Play From Home 394"]
[Site "Emanuel Lasker Arena"]
[Date "2020.08.19"]
[Round "6"]
[White "NTBT_DHS"]
[Black "Mepe_Nika"]
[Result "1-0"]
[WhiteElo "2530"]
[BlackElo "2363"]
[Annotator "TA"]
[PlyCount "39"]
[EventDate "2020.08.19"]
[EventType "swiss (blitz)"]

{[%evp 12,39,4,28,32,31,40,28,36,43,42,45,31,44,58,65,86,53,54,54,103,-3,104,-35,283,165,185,185,738,741]} 1. d4 d5 2. c4 c6 3. Nf3 Nf6 4. e3 e6 5. Nc3 Nbd7 {[%cal Bb8d7,Bd7b6,Bb6d5][%mdl 32]} 6. Bd3 dxc4 7. Bxc4 Bd6 {D47: Semi-Slav: Meran System.} 8. e4 $1 {[%mdl 4] Black must now prevent e5. is now more promising than 8.0-0.} b5 9. e5 {aiming for Bd3.} bxc4 {White has an edge.} 10. exd6 Nb6 11. Bf4 O-O 12. O-O {[#]} Ne8 $146 ({Predecessor:} 12... Nbd5 13. Be5 Nxc3 14. bxc3 Ne4 15. Qa4 Qd7 16. Bf4 f6 17. Rfe1 Nxc3 18. Qxc4 Nb5 {1-0 (33) Nisipeanu,L (2684)-Abergel,T (2517) France 2008}) 13. Ne4 $1 Nd5 14. Bg3 f5 15. Nc5 $36 {[%mdl 2048] White is more active.} Nxd6 16. Re1 (16. Bxd6 $16 Qxd6 17. Qd2) 16... Rb8 {[#]} (16... f4 $11 {keeps the balance.} 17. Bh4 Qb6) 17. Qc2 ({White should play} 17. Bxd6 $1 $16 Qxd6 18. Qd2) 17... g5 $2 {[%mdl 8192] [#]} (17... f4 $15 {keeps the upper hand.} 18. Bh4 Qe8) 18. Be5 (18. Nxg5 $142 $1 {[%mdl 512]} Rf6 (18... Qxg5 19. Bxd6) 19. Ncxe6 (19. Ngxe6 Bxe6 20. Nxe6 Qd7 $18) 19... Bxe6 20. Nxe6 (20. Rxe6 Rxe6 21. Nxe6 Qe7 $18)) 18... g4 19. Nd2 {[%mdl 1024] White has strong compensation.} Bd7 $2 (19... Rb5 20. Bxd6 Nb4) 20. Bxd6 {Accuracy: White = 48%, Black = 45%.} 1-0

[Event "Stay Safe Play From Home 394"]
[Site "Emanuel Lasker Arena"]
[Date "2020.08.19"]
[Round "6"]
[White "Lamborghini"]
[Black "TheCHESSHOUSE"]
[Result "1-0"]
[WhiteElo "2363"]
[BlackElo "2009"]
[PlyCount "101"]
[EventDate "2020.08.19"]
[EventType "swiss (blitz)"]

1. e4 {[%emt 0:00:02]} c6 {[%emt 0:00:02]} 2. d4 {[%emt 0:00:02]} d5 {[%emt 0:00:00]} 3. Nc3 {[%emt 0:00:00]} dxe4 {[%emt 0:00:01]} 4. Nxe4 {[%emt 0:00:00]} Nf6 {[%emt 0:00:00]} 5. Nxf6+ {[%emt 0:00:01]} exf6 {[%emt 0:00:00]} 6. Bc4 {[%emt 0:00:01]} Bd6 {[%emt 0:00:00]} 7. Qe2+ {[%emt 0:00:00]} Qe7 {[%emt 0:00:01]} 8. Qxe7+ {[%emt 0:00:01]} Bxe7 {[%emt 0:00:00]} 9. Bf4 {[%emt 0:00:01]} O-O {[%emt 0:00:01]} 10. O-O-O {[%emt 0:00:01]} Nd7 {[%emt 0:00:00]} 11. Ne2 {[%emt 0:00:02]} Nb6 {[%emt 0:00:01]} 12. Bd3 {[%emt 0:00:01]} Be6 {[%emt 0:00:01]} 13. b3 {[%emt 0:00:01]} Nd5 {[%emt 0:00:01]} 14. Bd2 {[%emt 0:00:02]} Ba3+ {[%emt 0:00:01]} 15. Kb1 {[%emt 0:00:01]} a5 {[%emt 0:00:00]} 16. c4 {[%emt 0:00:02]} Nb4 {[%emt 0:00:01]} 17. Bxb4 {[%emt 0:00:01]} Bxb4 {[%emt 0:00:00]} 18. Nf4 {[%emt 0:00:01]} a4 {[%emt 0:00:03]} 19. Nxe6 {[%emt 0:00:04]} fxe6 {[%emt 0:00:00]} 20. bxa4 {[%emt 0:00:01]} Rxa4 {[%emt 0:00:02]} 21. Bc2 {[%emt 0:00:00]} Ra3 {[%emt 0:00:01]} 22. Bb3 {[%emt 0:00:00]} Rd8 {[%emt 0:00:02]} 23. Rd3 {[%emt 0:00:01]} Ra5 {[%emt 0:00:02]} 24. Rhd1 {[%emt 0:00:01]} Rf5 {[%emt 0:00:02]} 25. f3 {[%emt 0:00:01]} Rg5 {[%emt 0:00:01]} 26. g3 {[%emt 0:00:01]} h5 {[%emt 0:00:04]} 27. f4 {[%emt 0:00:02]} Rf5 {[%emt 0:00:02]} 28. Kc2 {[%emt 0:00:03]} Kh7 {[%emt 0:00:02]} 29. c5 {[%emt 0:00:01]} e5 {[%emt 0:00:03]} 30. fxe5 {[%emt 0:00:01]} fxe5 {[%emt 0:00:01]} 31. d5 {[%emt 0:00:01]} cxd5 {[%emt 0:00:01]} 32. Rxd5 {[%emt 0:00:01]} Rf2+ {[%emt 0:00:01]} 33. Kb1 {[%emt 0:00:01]} Rdf8 {[%emt 0:00:01]} 34. Bc2+ {[%emt 0:00:02]} Kh8 {[%emt 0:00:02]} 35. Rxe5 {[%emt 0:00:01]} Rxh2 {[%emt 0:00:02]} 36. Bg6 {[%emt 0:00:05]} Bc3 {[%emt 0:00:02]} 37. Rxh5+ {[%emt 0:00:02]} Rxh5 {[%emt 0:00:03]} 38. Bxh5 {[%emt 0:00:00]} Rf5 {[%emt 0:00:01]} 39. Bg6 {[%emt 0:00:01]} Rf8 {[%emt 0:00:02]} 40. Rd8 {[%emt 0:00:01]} Rxd8 {[%emt 0:00:01]} 41. Kc2 {[%emt 0:00:01]} Bf6 {[%emt 0:00:01]} 42. Kb3 {[%emt 0:00:00]} Rc8 {[%emt 0:00:00]} 43. Kc4 {[%emt 0:00:01]} Kg8 {[%emt 0:00:00]} 44. Bf5 {[%emt 0:00:01]} Kf8 {[%emt 0:00:00]} 45. Bxc8 {[%emt 0:00:01]} Ke7 {[%emt 0:00:01]} 46. Bxb7 {[%emt 0:00:01]} Kd8 {[%emt 0:00:00]} 47. Be4 {[%emt 0:00:01]} Kc7 {[%emt 0:00:00]} 48. a4 {[%emt 0:00:00]} Bd8 {[%emt 0:00:01]} 49. a5 {[%emt 0:00:01]} Kd7 {[%emt 0:00:00]} 50. a6 {[%emt 0:00:00]} Kc7 {[%emt 0:00:01]} 51. a7 {[%emt 0:00:01] TheCHESSHOUSE resigns TheCHESSHOUSE resigns TheCHESSHOUSE resigns (Lag: Av=0.65s, max=1.3s) (Lag: Av=0.65s, max=1.3s) (Lag: Av=0.65s, max=1.3s)} 1-0

[Event "Stay Safe Play From Home 394"]
[Site "Emanuel Lasker Arena"]
[Date "2020.08.19"]
[Round "6"]
[White "AChessPlayer"]
[Black "Greblah"]
[Result "1-0"]
[WhiteElo "2340"]
[BlackElo "1878"]
[PlyCount "103"]
[EventDate "2020.08.19"]
[EventType "swiss (blitz)"]

1. Nf3 {[%emt 0:00:01]} c6 {[%emt 0:00:00]} 2. d4 {[%emt 0:00:01]} d5 {[%emt 0:00:00]} 3. c4 {[%emt 0:00:00]} Nf6 {[%emt 0:00:01]} 4. Nc3 {[%emt 0:00:00]} e6 {[%emt 0:00:01]} 5. Bg5 {[%emt 0:00:00]} Bb4 {[%emt 0:00:01]} 6. e3 {[%emt 0:00:01]} Qa5 {[%emt 0:00:01]} 7. Bxf6 {[%emt 0:00:06]} Bxc3+ {[%emt 0:00:01]} 8. bxc3 {[%emt 0:00:00]} Qxc3+ {[%emt 0:00:00]} 9. Nd2 {[%emt 0:00:00]} gxf6 {[%emt 0:00:01]} 10. Be2 {[%emt 0:00:00]} e5 {[%emt 0:00:02]} 11. O-O {[%emt 0:00:01]} exd4 {[%emt 0:00:01]} 12. exd4 {[%emt 0:00:00]} Bf5 {[%emt 0:00:01]} 13. cxd5 {[%emt 0:00:01]} Qc2 {[%emt 0:00:01]} 14. Qe1 {[%emt 0:00:01]} O-O {[%emt 0:00:01]} 15. Rc1 {[%emt 0:00:02]} Qxa2 {[%emt 0:00:01]} 16. Bc4 {[%emt 0:00:01]} Qa3 {[%emt 0:00:03]} 17. d6 {[%emt 0:00:02]} Nd7 {[%emt 0:00:02]} 18. Qd1 {[%emt 0:00:03]} Qxd6 {[%emt 0:00:01]} 19. Qh5 {[%emt 0:00:01]} Bg6 {[%emt 0:00:01]} 20. Qh6 {[%emt 0:00:00]} Qxd4 {[%emt 0:00:01]} 21. Rfd1 {[%emt 0:00:01]} f5 {[%emt 0:00:01]} 22. Nf3 {[%emt 0:00:02]} Qg7 {[%emt 0:00:01]} 23. Qxg7+ {[%emt 0:00:01]} Kxg7 {[%emt 0:00:01]} 24. Rxd7 {[%emt 0:00:00]} Rfd8 {[%emt 0:00:03]} 25. Rxb7 {[%emt 0:00:00]} Rd6 {[%emt 0:00:02]} 26. h4 {[%emt 0:00:02]} Rad8 {[%emt 0:00:01]} 27. Ne5 {[%emt 0:00:01]} Rd1+ {[%emt 0:00:02]} 28. Rxd1 {[%emt 0:00:00]} Rxd1+ {[%emt 0:00:01]} 29. Kh2 {[%emt 0:00:00]} Rc1 {[%emt 0:00:00]} 30. Bxf7 {[%emt 0:00:01]} Kf6 {[%emt 0:00:02]} 31. f4 {[%emt 0:00:01]} c5 {[%emt 0:00:04]} 32. Bxg6 {[%emt 0:00:01]} hxg6 {[%emt 0:00:01]} 33. Rxa7 {[%emt 0:00:00]} c4 {[%emt 0:00:01]} 34. Ra6+ {[%emt 0:00:00]} Kg7 {[%emt 0:00:02]} 35. Rxg6+ {[%emt 0:00:00]} Kh7 {[%emt 0:00:02]} 36. Rc6 {[%emt 0:00:00]} c3 {[%emt 0:00:00]} 37. h5 {[%emt 0:00:01]} c2 {[%emt 0:00:00]} 38. Nf3 {[%emt 0:00:01]} Kg7 {[%emt 0:00:01]} 39. Ng5 {[%emt 0:00:01]} Rh1+ {[%emt 0:00:02]} 40. Kxh1 {[%emt 0:00:01]} c1=Q+ {[%emt 0:00:01]} 41. Rxc1 {[%emt 0:00:00]} Kh6 {[%emt 0:00:00]} 42. Rc6+ {[%emt 0:00:04]} Kxh5 {[%emt 0:00:00]} 43. Rf6 {[%emt 0:00:02]} Kg4 {[%emt 0:00:00]} 44. g3 {[%emt 0:00:01]} Kh5 {[%emt 0:00:01]} 45. Rxf5 {[%emt 0:00:01]} Kg4 {[%emt 0:00:01]} 46. Rf8 {[%emt 0:00:01]} Kh5 {[%emt 0:00:00]} 47. Ne6 {[%emt 0:00:01]} Kg6 {[%emt 0:00:01]} 48. f5+ {[%emt 0:00:01]} Kh7 {[%emt 0:00:01]} 49. f6 {[%emt 0:00:01]} Kg6 {[%emt 0:00:01]} 50. f7 {[%emt 0:00:01]} Kh7 {[%emt 0:00:02]} 51. Kg2 {[%emt 0:00:01]} Kh6 {[%emt 0:00:02]} 52. Rh8+ {[%emt 0:00:02] Zeit Zeit Zeit (Lag: Av=0.37s, max=0.7s) (Lag: Av=0.37s, max=0.7s) (Lag: Av=0.37s, max=0.7s)} 1-0